Дело по отношению военного министра с объявлением высочайшего повеления об определении сына подполковника Моисея Якимаха, Лавра,...

Доступно только в Электронных читальных залах Найти на картеНа карте
RUSMARC
00003650nmc2a2200000 x 450
00137991574-dda8-4917-b35c-c3c4605a8e09
00520151214181415.0
100##$a20150623l18321833k l0rusy0189 ca
1010#$arus
102##$aRU
2001#$aДело по отношению военного министра с объявлением высочайшего повеления об определении сына подполковника Моисея Якимаха, Лавра, в число пансионеров Нежинской гимназии высших наук князя Безбородко
$j24 октября 1832 г. - 1 февраля 1833 г.
251##$cДело
300##$aДело
801#0$aRU
$bРГИА
$c20150623
$gRCR
801#1$aRU
$bГлавНИВЦ
$c20150623
$2rusmarc
801#2$aRU
$bПБ им. Б.Н. Ельцина
$c20151214
$gRCR
$2rusmarc
850##$aРГИА
852##$aРГИА
$eФедеральное казенное учреждение "Российский государственный исторический архив" (РГИА)
$j58
937##$hРГИА
$d12157677
$aASBIBLIO_SCAN
462#0$1001a9ac5b77-7eae-4409-9631-6ef4f0107d3e
$12001
$aДела Департамента народного просвещения по Нежинской гимназии
$1251
$cОпись
$1852
$j94
461#0$1001a74412a3-3cc5-4d21-8f0a-dfe2fbd9e72d
$12001
$aДепартамент народного просвещения Министерства народного просвещения
$1251
$cФонд
$1852
$j733
215##$a29 л.
$d36,5х26 см
371##$aДокумент не является опубликованным и широко распространяемым
105##$aу###
1222#$ad
035##$a37991574-dda8-4917-b35c-c3c4605a8e09
Формат отображения